[Event "XXV Miedzynarodowy Festiwal Szachowy w Poznaniu - OPEN A"]
[Site "Poznan"]
[Date "2017.08.20"]
[Round "1.1"]
[White "Tomczak, Jacek "]
[Black "Walkowski, Milosz"]
[Result "1-0"]
[WhiteTitle ""]
[BlackTitle ""]
[WhiteElo "2598"]
[BlackElo "1772"]

1. e4 c6 2. Nc3 d5 3. Nf3 dxe4 4. Nxe4 Nf6 5. Nxf6+ exf6 6. d4 Bd6 7. Bd3 O-O 8.
Be3 Be6 9. c3 Re8 10. Qc2 h6 11. O-O Nd7 12. c4 Nf8 13. Nd2 Qc7 14. g3 Qd7 15.
Rfe1 Bh3 16. a3 b5 17. cxb5 cxb5 18. d5 Rac8 19. Qb3 a6 20. a4 f5 21. axb5 f4
22. Bb6 Rxe1+ 23. Rxe1 axb5 24. Bxb5 Qg4 25. Nc4 Rb8 26. Qd3 h5 27. Ba4 h4 28.
Bd1 Qg5 29. Nxd6 Rxb6 30. Nc4 Rg6 31. Ne5 Rd6 32. Qf3 Rf6 33. g4 Rf5 34. Nc6 1-0

[Event "XXV Miedzynarodowy Festiwal Szachowy w Poznaniu - OPEN A"]
[Site "Poznan"]
[Date "2017.08.20"]
[Round "1.2"]
[White "Lesien, Przemyslaw "]
[Black "Szelag, Marcin "]
[Result "0-1"]
[WhiteTitle ""]
[BlackTitle ""]
[WhiteElo "1763"]
[BlackElo "2456"]

1. d4 Nf6 2. c4 g6 3. Nc3 Bg7 4. e4 d6 5. f3 O-O 6. Be3 c5 7. dxc5 dxc5 8. Qxd8
Rxd8 9. Bxc5 Nc6 10. Nge2 Nd7 11. Ba3 Nde5 12. Nf4 Nd4 13. O-O-O Bh6 14. g3 e6
15. Be7 Rd7 16. Bf6 Nexf3 17. e5 Bg7 18. Bh3 Nxe5 19. Ncd5 Ndc6 20. Nxe6 fxe6
21. Bxe6+ Kh8 22. Bxd7 Bxd7 23. b3 Bf5 24. Bxg7+ Kxg7 25. Rd2 Nd3+ 26. Kd1 Re8
27. Rf1 Nd4 28. h3 Be4 29. Ne3 h5 30. h4 b6 31. Nc2 Nf5 32. Rxf5 Bxf5 33. Nd4
Re1+ 0-1

[Event "XXV Miedzynarodowy Festiwal Szachowy w Poznaniu - OPEN A"]
[Site "Poznan"]
[Date "2017.08.20"]
[Round "1.3"]
[White "Urban, Klaudiusz "]
[Black "Pawlowski, Rafal "]
[Result "1-0"]
[WhiteTitle ""]
[BlackTitle ""]
[WhiteElo "2426"]
[BlackElo "1752"]

1. Nf3 d5 2. g3 Nf6 3. Bg2 c6 4. O-O e6 5. d4 Nbd7 6. c4 Bd6 7. Nc3 O-O 8. Nd2
Be7 9. e4 dxe4 10. Ndxe4 Nxe4 11. Bxe4 Nb6 12. b3 f5 13. Bg2 Bf6 14. Ne2 e5 15.
Bb2 exd4 16. Bxd4 Be6 17. Re1 Bf7 18. Bxf6 Qxf6 19. Qd4 Qxd4 20. Nxd4 g6 21. Re7
Rab8 22. Rae1 Rfe8 23. c5 Nd7 24. Rxe8+ Rxe8 25. Rxe8+ Bxe8 26. b4 Ne5 27. f4
Nd3 28. a3 Bf7 29. Bf1 Nb2 30. Kf2 Bd5 31. Nc2 Kf7 32. Ke3 Nd1+ 33. Kd4 Ke6 34.
Be2 Nf2 35. Ne3 Ba2 36. Bf3 h5 37. h4 a6 38. Nf1 Bb3 39. Ne3 Ba2 40. Nc2 Bb1 41.
Ne3 Be4 42. Bd1 Nh1 43. Nc4 Nxg3 44. Na5 Nh1 45. Nxb7 Nf2 46. Be2 Nh3 47. Ke3
Kd5 48. Nd6 Ke6 49. Nxe4 fxe4 50. Bf1 Ng1 51. Kxe4 1-0

[Event "XXV Miedzynarodowy Festiwal Szachowy w Poznaniu - OPEN A"]
[Site "Poznan"]
[Date "2017.08.20"]
[Round "1.4"]
[White "Kwiatkowski, Jacek "]
[Black "Sieciechowicz, Marcin"]
[Result "0-1"]
[WhiteTitle ""]
[BlackTitle ""]
[WhiteElo "1751"]
[BlackElo "2408"]

1. d4 Nf6 2. Nf3 g6 3. Bf4 Bg7 4. e3 O-O 5. h3 c5 6. c3 d5 7. Bd3 Nc6 8. O-O b6
9. Nbd2 Bb7 10. Qe2 Nd7 11. Rfe1 e5 12. dxe5 Ndxe5 13. Ba6 Qc8 14. Bxb7 Qxb7 15.
Rad1 Rfe8 16. Nxe5 Nxe5 17. Nf3 Nc4 18. Qc2 Qc6 19. Rd3 b5 20. Red1 Nb6 21. h4
a5 22. a3 Rac8 23. Rc1 Re4 24. Ng5 Ra4 25. Qd1 c4 26. Rd4 b4 27. axb4 axb4 28.
h5 Ra2 29. hxg6 Qxg6 30. e4 Bxd4 31. Qxd4 h6 32. Nf3 Rxb2 33. cxb4 Rxb4 34. Nh4
Qxe4 35. Qf6 Qe6 36. Qd4 Rb3 37. Bd2 Rd3 38. Qf4 c3 39. Be3 Rc4 40. Qg3+ Kh7 0-1

[Event "XXV Miedzynarodowy Festiwal Szachowy w Poznaniu - OPEN A"]
[Site "Poznan"]
[Date "2017.08.20"]
[Round "1.5"]
[White "Chojnacki, Krzysztof "]
[Black "Wawrzyniak, Pawel"]
[Result "1-0"]
[WhiteTitle ""]
[BlackTitle ""]
[WhiteElo "2377"]
[BlackElo "1749"]

1. d4 d5 2. c4 c6 3. Nf3 Nf6 4. Nc3 e6 5. e3 Nbd7 6. Bd3 dxc4 7. Bxc4 b5 8. Bd3
Bb7 9. O-O a6 10. e4 c5 11. d5 c4 12. Bc2 Nc5 13. Bg5 Be7 14. Bxf6 gxf6 15. Nd4
h5 16. Qf3 Qb6 17. Rfd1 O-O-O 18. b4 Nd7 19. a4 Ne5 20. Qh3 Ng4 21. axb5 axb5
22. Ncxb5 Ba6 23. Nc3 Bxb4 24. Na4 Qa7 25. Qf3 Qc7 26. g3 Rdg8 27. Rdb1 Ba5 28.
Qa3 h4 29. Nb6+ Bxb6 30. Qxa6+ Qb7 31. Rxb6 Qxa6 32. Raxa6 1-0

[Event "XXV Miedzynarodowy Festiwal Szachowy w Poznaniu - OPEN A"]
[Site "Poznan"]
[Date "2017.08.20"]
[Round "1.6"]
[White "Korpalska, Joanna"]
[Black "Niekras, Dawid "]
[Result "0-1"]
[WhiteTitle ""]
[BlackTitle ""]
[WhiteElo "1733"]
[BlackElo "2277"]

1. e4 c5 2. Nf3 d6 3. d4 cxd4 4. Nxd4 Nf6 5. Nc3 a6 6. f3 e5 7. Nb3 Be6 8. Be3
Be7 9. Qd2 O-O 10. O-O-O a5 11. Bb5 Nbd7 12. Qf2 Rc8 13. g4 Rxc3 14. bxc3 Qc7
15. g5 Nh5 16. Rd3 f5 17. gxf6 Ndxf6 18. Bb6 Qc8 19. Qe3 Nf4 20. Rd2 a4 21. Na5
Nd7 22. Bxd7 Qxd7 23. c4 Bg5 24. Rg1 Bh6 25. Kb1 Ng6 26. Qe2 Bxd2 27. Qxd2 Bxc4
28. Nxc4 Qb5+ 29. Ka1 Qxc4 30. Qxd6 Qxc2 31. Qd5+ Kh8 32. Qxb7 Qc3+ 33. Kb1 a3
34. Ba7 Qxf3 35. Qd5 Qe2 36. Qb3 Qxe4+ 37. Ka1 Qf3 38. Qb4 Rd8 39. Qe1 Rd1+ 40.
Qxd1 Qc3+ 41. Kb1 Qb2# 0-1

[Event "XXV Miedzynarodowy Festiwal Szachowy w Poznaniu - OPEN A"]
[Site "Poznan"]
[Date "2017.08.20"]
[Round "1.7"]
[White "Schmidt, Wlodzimierz "]
[Black "Mocny, Tomasz"]
[Result "1-0"]
[WhiteTitle ""]
[BlackTitle ""]
[WhiteElo "2272"]
[BlackElo "1731"]

1. d4 Nf6 2. c4 e6 3. Nc3 d5 4. cxd5 exd5 5. Bg5 Be7 6. e3 O-O 7. Bd3 Nbd7 8. Qc2
Re8 9. Nf3 h6 10. Bf4 c6 11. h3 Nb6 12. O-O-O Nc4 13. g4 b5 14. g5 hxg5 15. Nxg5
b4 16. Na4 b3 17. axb3 Na5 18. Rdg1 Bd6 19. Bxd6 Qxd6 20. Nc5 Re7 21. h4 Rb8 22.
h5 Nd7 23. h6 Nxc5 24. Bh7+ Kh8 25. hxg7+ Kxg7 26. Ne6+ 1-0

[Event "XXV Miedzynarodowy Festiwal Szachowy w Poznaniu - OPEN A"]
[Site "Poznan"]
[Date "2017.08.20"]
[Round "1.8"]
[White "Litke, Slawomir"]
[Black "Polok, Kacper"]
[Result "0-1"]
[WhiteTitle ""]
[BlackTitle ""]
[WhiteElo "1730"]
[BlackElo "2249"]

1. e4 c5 2. a3 Nc6 3. b4 e5 4. b5 Nd4 5. Nf3 Nxf3+ 6. Qxf3 Nf6 7. Bc4 d6 8. O-O
Be7 9. d3 O-O 10. Qe2 Be6 11. Nd2 d5 12. exd5 Nxd5 13. Bb2 f6 14. f4 Qd7 15. fxe5
f5 16. Rae1 Nc7 17. a4 a6 18. b6 Nd5 19. a5 Rae8 20. Bb3 Nb4 21. Nc4 Kh8 22. Nd2
Nc6 23. Bxe6 Qxe6 24. Nb3 c4 25. dxc4 Bb4 26. c3 Bxa5 27. Nxa5 Nxa5 28. c5 Nc4
29. Bc1 Qd5 30. Qf2 Rc8 31. e6 Qxc5 32. Qxc5 Rxc5 33. Be3 Nxe3 34. Rxe3 Re8 35.
Rd1 Rc6 36. e7 Kg8 37. g4 Rxb6 38. gxf5 Kf7 39. Rd7 Rb2 40. Re4 a5 41. h3 b5 42.
Ra7 a4 43. Re1 Kf6 44. Ra6+ Kf7 45. Ra7 Rb3 46. c4 bxc4 47. Rxa4 Rxh3 48. Rxc4
Rxe7 49. Rxe7+ Kxe7 50. Kg2 Re3 51. Rh4 h6 52. Rg4 Kf7 53. Kf2 Re5 54. Kg3 Rxf5
55. Ra4 Kg6 56. Rb4 Ra5 57. Kh4 Ra6 58. Kg4 h5+ 59. Kh4 Kh6 60. Kh3 Ra3+ 61. Kh2
g6 62. Rc4 Rf3 63. Kg2 Rf5 64. Ra4 Kg5 65. Rb4 Ra5 66. Rc4 h4 67. Kh3 Ra3+ 68.
Kh2 Kh5 69. Rb4 g5 70. Rc4 Ra2+ 71. Kg1 h3 72. Rc8 Kh4 73. Rc4+ g4 74. Rc3 Ra4
0-1

[Event "XXV Miedzynarodowy Festiwal Szachowy w Poznaniu - OPEN A"]
[Site "Poznan"]
[Date "2017.08.20"]
[Round "1.9"]
[White "Zakrzewski, Marek"]
[Black "Stochnialek, Dominika"]
[Result "1-0"]
[WhiteTitle ""]
[BlackTitle ""]
[WhiteElo "2237"]
[BlackElo "1719"]

1. e4 e6 2. d4 d5 3. Nd2 h6 4. Bd3 c5 5. exd5 Qxd5 6. Ngf3 cxd4 7. O-O Nf6 8. Nb3
Nc6 9. Nbxd4 Nxd4 10. Nxd4 a6 11. c3 Bc5 12. Be3 O-O 13. a4 Rd8 14. Be2 e5 15.
Nc2 Bxe3 16. Nxe3 Qxd1 17. Rfxd1 Be6 18. a5 Bb3 19. Rxd8+ Rxd8 20. Bc4 Bxc4 21.
Nxc4 Rd5 22. Kf1 Nd7 23. Ke2 Kf8 24. b4 Ke7 25. Ne3 Rb5 26. c4 1-0

[Event "XXV Miedzynarodowy Festiwal Szachowy w Poznaniu - OPEN A"]
[Site "Poznan"]
[Date "2017.08.20"]
[Round "1.10"]
[White "Kupsik, Joanna "]
[Black "Raczynski, Krzysztof "]
[Result "0-1"]
[WhiteTitle ""]
[BlackTitle ""]
[WhiteElo "1703"]
[BlackElo "2208"]

1. e4 c5 2. Nf3 d6 3. d4 cxd4 4. Nxd4 Nf6 5. Nc3 a6 6. Be3 e5 7. Nf3 Be7 8. h3
O-O 9. Be2 b5 10. Nd5 Nbd7 11. O-O Bb7 12. Bd3 Bxd5 13. exd5 e4 14. Nd4 exd3 15.
Nc6 Qe8 16. Qxd3 Ne5 17. Nxe5 dxe5 18. d6 Bd8 19. Rad1 Qe6 20. Bc5 Nd7 21. Ba3
Bb6 22. Rfe1 Rac8 23. c3 Rc6 24. Rd2 f5 25. Qg3 e4 26. Qg5 Bd8 27. Qf4 Re8 28.
Qe3 Bb6 29. Qg5 Qg6 30. Qf4 Rc4 31. b3 e3 32. bxc4 exf2+ 33. Rxf2 Rxe1+ 34. Kh2
Bxf2 35. Qxf2 Qe6 36. c5 Qe5+ 37. Qg3 Rh1+ 38. Kxh1 Qxg3 39. c6 Qe1+ 40. Kh2 Qe8
0-1

[Event "XXV Miedzynarodowy Festiwal Szachowy w Poznaniu - OPEN A"]
[Site "Poznan"]
[Date "2017.08.20"]
[Round "1.11"]
[White "Koitka, Jakub"]
[Black "Janicki, Rafal "]
[Result "1-0"]
[WhiteTitle ""]
[BlackTitle ""]
[WhiteElo "2144"]
[BlackElo "1692"]

1. d4 Nf6 2. c4 g6 3. Nc3 Bg7 4. e4 d6 5. f3 O-O 6. Be3 Nbd7 7. Qd2 e5 8. d5 a5
9. Bd3 Nc5 10. Bc2 Nfd7 11. Nge2 Nb6 12. b3 Bd7 13. O-O f5 14. Nc1 Qe7 15. Nd3
Nc8 16. a3 f4 17. Bf2 b6 18. b4 Nxd3 19. Bxd3 g5 20. c5 axb4 21. axb4 Rxa1 22.
Rxa1 bxc5 23. bxc5 dxc5 24. Ra5 g4 25. Bxc5 Nd6 26. Be2 Qh4 27. Ra7 g3 28. h3
Qd8 29. Qb2 Rf6 30. Qa3 Bf8 31. Ra8 Bc8 32. Ba6 Qd7 33. Bxd6 Bxd6 34. Bxc8 Bxa3
35. Bxd7+ Bf8 36. Be6+ 1-0

[Event "XXV Miedzynarodowy Festiwal Szachowy w Poznaniu - OPEN A"]
[Site "Poznan"]
[Date "2017.08.20"]
[Round "1.12"]
[White "Czarnolewski, Piotr"]
[Black "Jedras, Piotr"]
[Result "0-1"]
[WhiteTitle ""]
[BlackTitle ""]
[WhiteElo "1677"]
[BlackElo "2091"]

1. e4 c5 2. Nf3 d6 3. d3 g6 4. g3 Bg7 5. Bg2 Nc6 6. O-O Nf6 7. Nbd2 O-O 8. a4 Rb8
9. Nc4 d5 10. exd5 Nxd5 11. Re1 Re8 12. Rb1 e5 13. Bg5 f6 14. Bd2 Be6 15. b3 Qd7
16. Ne3 Rbd8 17. Nxd5 Bxd5 18. Be3 b6 19. Nd2 Nb4 20. Bxd5+ Nxd5 21. Qf3 Rf8 22.
Nc4 f5 23. Bd2 Rde8 24. Re2 f4 25. g4 Rf7 26. Rbe1 Rfe7 27. h3 a6 28. Na3 Nc7
29. Qe4 Ne6 30. Qc4 Kh8 31. f3 Nd4 32. Rf2 Qc6 33. Kg2 b5 34. axb5 axb5 35. Nxb5
Qxb5 36. Qxb5 Nxb5 37. Rfe2 Nd4 38. Re4 Kg8 39. b4 Nxc2 40. Rc1 Nxb4 41. Rxc5
Nxd3 42. Rd5 Nb2 43. Rb4 Nd1 44. Bxf4 exf4 45. Rxd1 Re2+ 46. Kg1 g5 47. h4 Bf6
48. hxg5 Bxg5 49. Kf1 R2e3 50. Kf2 Bh4+ 51. Kg2 Re2+ 52. Kh3 Bg3 53. g5 Rh2+ 54.
Kg4 Rf8 55. g6 Rh4+ 56. Kg5 h6# 0-1

[Event "XXV Miedzynarodowy Festiwal Szachowy w Poznaniu - OPEN A"]
[Site "Poznan"]
[Date "2017.08.20"]
[Round "1.13"]
[White "Zadymov, Ihor"]
[Black "Kukorowski, Jan"]
[Result "0-1"]
[WhiteTitle ""]
[BlackTitle ""]
[WhiteElo "2089"]
[BlackElo "1670"]

1. Nf3 e6 2. b3 d5 3. Bb2 f5 4. d3 Nf6 5. Nbd2 Bd6 6. e4 fxe4 7. dxe4 dxe4 8. Ng5
e3 9. fxe3 O-O 10. Bc4 Nd5 11. Qg4 Qe7 12. Bd3 h6 13. Ngf3 Nxe3 14. Qg6 e5 15.
Qh7+ Kf7 16. Ke2 Nd5 17. Bg6+ Kf6 18. Rhf1 Bg4 19. Ke1 Ke6 20. Be4 Nf6 21. Qg6
Nc6 22. h3 Bh5 23. Bf5+ Kd5 24. c4+ Kc5 25. Qg3 e4 26. Qf2+ e3 27. Qg1 Kb6 28.
c5+ Bxc5 29. Nc4+ Ka6 30. Bd3 b5 31. Nce5 Bxf3 32. Nxf3 e2 33. Rf2 Bb4+ 34. Nd2
Bxd2+ 35. Kxd2 Ne4+ 36. Bxe4 Qxe4 37. Rxf8 Rxf8 0-1

[Event "XXV Miedzynarodowy Festiwal Szachowy w Poznaniu - OPEN A"]
[Site "Poznan"]
[Date "2017.08.20"]
[Round "1.14"]
[White "Zurawski, Kamil"]
[Black "Nowak, Mikolaj "]
[Result "0-1"]
[WhiteTitle ""]
[BlackTitle ""]
[WhiteElo "1665"]
[BlackElo "2076"]

1. Nf3 g6 2. c4 Bg7 3. Nc3 d6 4. g3 Nc6 5. Bg2 f5 6. O-O Nf6 7. e4 e5 8. d3 O-O
9. Bg5 h6 10. Bd2 g5 11. Nxg5 hxg5 12. Bxg5 fxe4 13. Qd2 Nd4 14. Nxe4 Nxe4 15.
Bxe4 Qe8 16. f4 Bf5 17. Bxb7 Rb8 18. Bd5+ Be6 19. Be4 exf4 20. gxf4 Rxb2 21. Qe1
Qh5 22. Qh4 Qxh4 23. Bxh4 Ne2+ 24. Kh1 Rxf4 25. Rab1 Rxh4 26. Rxb2 Bxb2 27. Rf2
Ng3+ 0-1

[Event "XXV Miedzynarodowy Festiwal Szachowy w Poznaniu - OPEN A"]
[Site "Poznan"]
[Date "2017.08.20"]
[Round "1.15"]
[White "Orzechowski, Jacek "]
[Black "Hoffmann, Piotr"]
[Result "1-0"]
[WhiteTitle ""]
[BlackTitle ""]
[WhiteElo "2069"]
[BlackElo "1651"]

1. c4 Nf6 2. Nc3 c6 3. e4 e5 4. Nf3 d6 5. d4 exd4 6. Qxd4 Be7 7. Bf4 Nh5 8. Be3
Bf6 9. Qd2 Qa5 10. Nd4 c5 11. Ndb5 O-O 12. Be2 a6 13. Nxd6 Bxc3 14. Qxc3 Qxc3+
15. bxc3 Nf6 16. e5 Nfd7 17. f4 Nc6 18. Rd1 Rd8 19. Bf3 Rb8 20. Bd5 Rf8 21. Bxc6
1-0

[Event "XXV Miedzynarodowy Festiwal Szachowy w Poznaniu - OPEN A"]
[Site "Poznan"]
[Date "2017.08.20"]
[Round "1.16"]
[White "Godek, Martyna "]
[Black "Zakoscielna, Kinga "]
[Result "0-1"]
[WhiteTitle ""]
[BlackTitle ""]
[WhiteElo "1634"]
[BlackElo "2059"]

1. e4 c5 2. Nc3 Nc6 3. d3 g6 4. g3 Bg7 5. Bg2 d6 6. f4 Nf6 7. Nf3 O-O 8. O-O Rb8
9. a4 a6 10. h3 b5 11. axb5 axb5 12. Kh2 b4 13. Ne2 Qb6 14. g4 Ba6 15. Ng3 Nd7
16. f5 Bb5 17. g5 c4 18. dxc4 Bxc4 19. Re1 Nde5 20. c3 bxc3 21. bxc3 Qf2 22. Re3
Ra8 23. Rxa8 Rxa8 24. Bd2 Ra2 25. Nf1 Bxf1 26. Qxf1 Qxf1 27. Bxf1 Nxf3+ 28. Rxf3
Rxd2+ 29. Kg1 Be5 30. Bc4 gxf5 31. exf5 Kg7 32. Ba6 Rc2 33. c4 Nd4 34. Ra3 Nxf5
0-1

[Event "XXV Miedzynarodowy Festiwal Szachowy w Poznaniu - OPEN A"]
[Site "Poznan"]
[Date "2017.08.20"]
[Round "1.17"]
[White "Bednarska-bzdega, Malgorzata "]
[Black "Wojdak, Jan"]
[Result "1/2-1/2"]
[WhiteTitle ""]
[BlackTitle ""]
[WhiteElo "2047"]
[BlackElo "1624"]

1. e4 c5 2. Nf3 Nc6 3. d4 cxd4 4. Nxd4 Nf6 5. Nc3 d6 6. Bg5 e6 7. Qd2 a6 8. O-O-O
Bd7 9. f4 b5 10. e5 dxe5 11. Nxc6 Bxc6 12. Qxd8+ Rxd8 13. Rxd8+ Kxd8 14. fxe5
h6 15. Bh4 g5 16. Bxg5 hxg5 17. exf6 Rh6 18. Bd3 Rxf6 19. Ne4 Bxe4 20. Bxe4 Kc7
21. Kd2 Bc5 22. Re1 Rh6 23. h3 f5 24. Bd3 Bd6 25. a4 bxa4 26. Bxa6 e5 27. Bb5
e4 28. Bxa4 Be5 29. c3 Bg3 30. Re2 Re6 31. Bb3 Ra6 32. Bc4 Rd6+ 33. Kc2 Bf4 34.
Bf7 Rf6 35. Bg8 Kd6 36. b4 Ke5 37. b5 Rd6 38. Kb3 g4 39. hxg4 fxg4 40. Bc4 e3
41. Kb4 Ke4 42. Kc5 Rd2 43. b6 Rd3 44. b7 Rxc3 45. Rb2 Bb8 46. Re2 Rc1 47. Ra2
Be5 48. Re2 1/2-1/2

[Event "XXV Miedzynarodowy Festiwal Szachowy w Poznaniu - OPEN A"]
[Site "Poznan"]
[Date "2017.08.20"]
[Round "1.18"]
[White "Grochowski, Michal "]
[Black "Madrawski, Krzysztof "]
[Result "0-1"]
[WhiteTitle ""]
[BlackTitle ""]
[WhiteElo "1616"]
[BlackElo "2043"]

1. e4 e6 2. d3 d5 3. Nd2 Nf6 4. Ngf3 b6 5. g3 Bb7 6. e5 Nfd7 7. Bg2 c5 8. O-O Nc6
9. Re1 g5 10. Nf1 g4 11. Ng5 Ndxe5 12. Bf4 Bg7 13. c4 h6 14. Nxe6 fxe6 15. cxd5
exd5 16. Ne3 O-O 17. Bxd5+ Kh8 18. Bxe5 Bxe5 19. Qxg4 Qf6 20. Nc4 Rad8 21. Be4
Bd4 22. Rf1 b5 23. Ne3 Ne5 24. Qe2 Bxe4 25. dxe4 Qf3 26. Rae1 Qxe4 27. f4 Nc4
28. Rf3 Nxe3 29. Rxe3 Qxe3+ 0-1

[Event "XXV Miedzynarodowy Festiwal Szachowy w Poznaniu - OPEN A"]
[Site "Poznan"]
[Date "2017.08.20"]
[Round "1.19"]
[White "Banach, Szymon "]
[Black "Frackowiak, Andrzej"]
[Result "1-0"]
[WhiteTitle ""]
[BlackTitle ""]
[WhiteElo "2040"]
[BlackElo "1611"]

1. e4 e6 2. d4 d5 3. e5 c5 4. c3 Nc6 5. Nf3 Qb6 6. Bd3 Bd7 7. O-O cxd4 8. cxd4
Nb4 9. Be2 Bb5 10. Bxb5+ Qxb5 11. Nc3 Qb6 12. Bd2 f6 13. Re1 f5 14. Ng5 Nh6 15.
Bf4 Nf7 16. Qa4+ Ke7 17. Nb5 Nxg5 18. Bxg5+ Kf7 19. Nd6+ Bxd6 20. Qd7+ Be7 21.
Qxe7+ Kg6 22. Bf6 Rhg8 23. Re3 f4 24. Bxg7 Qd8 25. Qxb4 fxe3 26. Bf6 exf2+ 27.
Kxf2 Rf8 28. Kg1 Rxf6 29. exf6 Qxf6 30. Rf1 Qh4 31. Kh1 Qe4 32. Qe7 Qxd4 33. Qxe6+
Kg7 34. h3 1-0

[Event "XXV Miedzynarodowy Festiwal Szachowy w Poznaniu - OPEN A"]
[Site "Poznan"]
[Date "2017.08.20"]
[Round "1.20"]
[White "Hoffmann, Kacper "]
[Black "Bajerlein, Dawid "]
[Result "0-1"]
[WhiteTitle ""]
[BlackTitle ""]
[WhiteElo "1588"]
[BlackElo "2037"]

1. d4 Nf6 2. c4 c5 3. d5 e5 4. dxe6 fxe6 5. Nc3 Be7 6. e4 Nc6 7. Nf3 d6 8. Be2
O-O 9. O-O Nd7 10. Be3 a6 11. Qd2 Qc7 12. Rfd1 Nde5 13. Bf4 Nxf3+ 14. Bxf3 Nd4
15. Ne2 e5 16. Nxd4 cxd4 17. Bg5 Bxg5 18. Qxg5 Qxc4 19. Rac1 Qf7 20. Rc2 Be6 21.
b3 h6 22. Qd2 Rac8 23. Rdc1 Kh7 24. Rxc8 Rxc8 25. Rxc8 Bxc8 26. Qb4 Qc7 27. Kf1
Bd7 28. Qd2 Bb5+ 29. Be2 Qc3 30. Ke1 Qxd2+ 31. Kxd2 Bxe2 32. Kxe2 g5 33. Kd3 Kg6
34. g4 Kf6 35. f3 Ke6 36. h3 Kd7 37. a4 a5 38. Kc4 Kc6 39. b4 axb4 40. Kxb4 Kb6
41. a5+ Ka6 0-1

[Event "XXV Miedzynarodowy Festiwal Szachowy w Poznaniu - OPEN A"]
[Site "Poznan"]
[Date "2017.08.20"]
[Round "1.21"]
[White "Motyl, Tomasz"]
[Black "Polak, Karol "]
[Result "1-0"]
[WhiteTitle ""]
[BlackTitle ""]
[WhiteElo "2027"]
[BlackElo "1581"]

1. g3 d5 2. Bg2 e5 3. c4 c6 4. cxd5 cxd5 5. d4 e4 6. Nh3 Bb4+ 7. Bd2 Bxd2+ 8. Qxd2
Ne7 9. Nc3 O-O 10. O-O Ng6 11. f3 f5 12. fxe4 fxe4 13. Rxf8+ Kxf8 14. Qg5 Qxg5
15. Nxg5 h6 16. Nxd5 hxg5 17. Nc7 Nc6 18. Nxa8 Nxd4 19. Bxe4 Ne5 20. e3 Ne6 21.
Rc1 Bd7 22. Nc7 Nd8 23. Rc5 Nef7 24. Nd5 Ne6 25. Rc2 Nd6 26. Bg2 Kf7 27. Nc3 b6
28. Rd2 Ke7 29. Nd5+ Kd8 30. Nxb6 1-0

[Event "XXV Miedzynarodowy Festiwal Szachowy w Poznaniu - OPEN A"]
[Site "Poznan"]
[Date "2017.08.20"]
[Round "1.22"]
[White "Wojciechowski, Antoni"]
[Black "Kus, Aleksander"]
[Result "0-1"]
[WhiteTitle ""]
[BlackTitle ""]
[WhiteElo "1581"]
[BlackElo "2012"]

1. Nf3 Nf6 2. g3 g6 3. Bg2 Bg7 4. O-O O-O 5. d3 d6 6. Nbd2 a6 7. c3 c6 8. e4 e5
9. a4 Qc7 10. Nc4 Be6 11. Ne3 h6 12. Nc2 Nbd7 13. a5 Nc5 14. Be3 Ng4 15. b4 Nxe3
16. fxe3 Nd7 17. Rc1 d5 18. Nd2 Nf6 19. d4 Rfe8 20. Ne1 exd4 21. exd4 dxe4 22.
Nxe4 Nd5 23. Qf3 Bf5 24. Nc5 Re3 25. Qf2 Rxc3 26. Rxc3 Nxc3 27. Nf3 Rd8 28. Qe3
Nb5 29. Rd1 Bg4 30. Qf4 Qxf4 31. gxf4 Bxf3 32. Bxf3 Rxd4 33. Rxd4 Bxd4+ 34. Kg2
Bxc5 35. bxc5 Nd4 36. Bg4 Nb3 0-1

[Event "XXV Miedzynarodowy Festiwal Szachowy w Poznaniu - OPEN A"]
[Site "Poznan"]
[Date "2017.08.20"]
[Round "1.23"]
[White "Malyovanyi, Yulian "]
[Black "Huchwajda, Grzegorz"]
[Result "1-0"]
[WhiteTitle ""]
[BlackTitle ""]
[WhiteElo "2006"]
[BlackElo "1566"]

1. e4 c5 2. Nf3 e6 3. d4 cxd4 4. Nxd4 Nf6 5. Nc3 Nc6 6. Be3 Bb4 7. f3 d5 8. Bb5
Bd7 9. Bxc6 bxc6 10. e5 Ng8 11. Nb3 Ne7 12. a3 Bxc3+ 13. bxc3 O-O 14. O-O a5 15.
a4 Qc7 16. Bc5 Rfe8 17. Bd6 Qa7+ 18. Bc5 Qa6 19. Bxe7 Rxe7 20. Nc5 Qa7 21. Qd4
Bc8 22. Rfb1 Rb8 23. f4 g6 24. h3 Re8 25. Rb3 Ba6 26. Rab1 Rxb3 27. Rxb3 Re7 28.
g4 Bc4 29. Rb1 Qa8 30. Kh2 Re8 31. Nd7 Rd8 32. Nf6+ Kg7 33. Qb6 Rc8 34. Qc5 Rc7
35. Rb6 Rc8 36. Qe7 Be2 37. Rb7 Rf8 38. Kg3 Bd1 39. Rb2 Qd8 40. Qc5 Be2 41. Rb7
Qa8 42. Rc7 Bc4 43. Ra7 Qd8 44. Rxa5 Ba2 45. Ra7 Bb1 46. a5 Bxc2 47. a6 Bd3 48.
Rd7 Qb8 49. a7 Qb1 50. Qxf8+ 1-0

[Event "XXV Miedzynarodowy Festiwal Szachowy w Poznaniu - OPEN A"]
[Site "Poznan"]
[Date "2017.08.20"]
[Round "1.24"]
[White "Zakrzewski, Bartosz"]
[Black "Nowak, Rafal "]
[Result "1/2-1/2"]
[WhiteTitle ""]
[BlackTitle ""]
[WhiteElo "1554"]
[BlackElo "1996"]

1. e4 c5 2. Nf3 e6 3. c3 d5 4. exd5 Qxd5 5. d4 Nc6 6. Be2 cxd4 7. cxd4 Nf6 8. O-O
Be7 9. Nc3 Qd8 10. Be3 O-O 11. Ne5 Nb4 12. a3 Nbd5 13. Bg5 Nxc3 14. bxc3 Nd7 15.
Bxe7 Qxe7 16. Qb3 Nxe5 17. dxe5 b6 18. Bf3 Ba6 19. Bxa8 Bxf1 20. Rxf1 Rxa8 21.
Qb4 Qc7 22. Qe4 Rd8 23. Qe3 Rd5 24. f4 Qc4 25. Qf3 g6 26. Rd1 Qc5+ 27. Kh1 Qxa3
28. Rxd5 exd5 29. h4 Qc1+ 30. Kh2 Qe1 31. Qxd5 Qxh4+ 32. Kg1 Qxf4 33. Qa8+ Kg7
34. Qxa7 Qe3+ 35. Kf1 Qxe5 36. Qxb6 Qxc3 37. Qb7 h5 38. Qd5 Qe3 39. Qb7 Qe5 40.
Kf2 g5 41. Qb1 h4 42. Qd1 Qf4+ 43. Kg1 g4 44. Qe1 g3 45. Qc3+ Kg6 46. Qc6+ Kg5
47. Qd5+ Kh6 48. Qc6+ f6 49. Qc2 Qf2+ 50. Qxf2 gxf2+ 51. Kxf2 Kg5 52. Kf3 Kf5
53. Ke3 Kg4 54. Kf2 f5 55. Kf1 Kg5 56. Ke2 Kf4 57. Kf2 Ke4 58. Ke2 Kf4 59. Kf2
Kg4 60. Kg1 Kg3 61. Kf1 f4 62. Kg1 h3 63. gxh3 Kxh3 64. Kf2 Kg4 65. Kg2 f3+ 66.
Kf2 Kf4 67. Kf1 1/2-1/2

[Event "XXV Miedzynarodowy Festiwal Szachowy w Poznaniu - OPEN A"]
[Site "Poznan"]
[Date "2017.08.20"]
[Round "1.25"]
[White "Michalski, Karol "]
[Black "Wasiak, Stanislaw"]
[Result "1-0"]
[WhiteTitle ""]
[BlackTitle ""]
[WhiteElo "1992"]
[BlackElo "1551"]

1. d4 d5 2. c4 c6 3. Nc3 Bf5 4. Nf3 e6 5. e3 Nf6 6. Bd3 Bxd3 7. Qxd3 Bd6 8. O-O
Nbd7 9. b3 O-O 10. e4 Nxe4 11. Nxe4 dxe4 12. Qxe4 Nf6 13. Qd3 Re8 14. Rd1 Bb8
15. g3 h6 16. Rb1 Qa5 17. a4 Qh5 18. Ba3 Rd8 19. Be7 Rd7 20. Bxf6 gxf6 21. Qe3
f5 22. Kg2 1-0

[Event "XXV Miedzynarodowy Festiwal Szachowy w Poznaniu - OPEN A"]
[Site "Poznan"]
[Date "2017.08.20"]
[Round "1.26"]
[White "Szafranski, Piotr"]
[Black "Purzycki, Jan Dawid"]
[Result "0-1"]
[WhiteTitle ""]
[BlackTitle ""]
[WhiteElo "1545"]
[BlackElo "1982"]

1. d4 Nf6 2. Nf3 b6 3. Bf4 Bb7 4. e3 c5 5. Nbd2 d6 6. c3 g6 7. Bc4 Bg7 8. O-O O-O
9. Re1 Nbd7 10. e4 cxd4 11. cxd4 d5 12. exd5 Nxd5 13. Bg5 N7f6 14. Qb3 h6 15.
Bh4 g5 16. Bg3 Nh5 17. Be5 Ndf4 18. Ne4 Bd5 19. Ng3 Bxc4 20. Qxc4 Rc8 21. Qb3
Nxg3 22. hxg3 Nd5 23. Bxg7 Kxg7 24. Ne5 e6 25. Rad1 Qd6 26. a3 Rfd8 27. Qd3 Rf8
28. Qb3 Qc7 29. Rc1 Qb7 30. Rcd1 Qc7 31. Rc1 Qxc1 32. Rxc1 Rxc1+ 33. Kh2 Rc7 34.
Qf3 f6 35. Ng4 Rd8 36. Qe4 h5 37. Ne3 Nxe3 38. fxe3 Rd6 39. Kg1 Rdc6 40. d5 Rc1+
41. Kh2 exd5 42. Qxd5 R1c5 43. Qd4 Re5 44. Qd1 g4 45. Qd4 Rce7 46. Qf4 Rxe3 47.
Qd4 R3e5 48. Qf4 Kg6 49. Qc4 Kg5 50. Qg8+ Kf5 51. Qc8+ Ke4 52. Qc6+ Kf5 53. Qc8+
Kg6 54. Qg8+ Rg7 55. Qc4 a5 56. b4 axb4 57. axb4 b5 58. Qa2 Kh7 59. Qa6 Rf7 60.
Qd6 Kg7 61. Qb8 Rfe7 62. Qd6 Kf7 63. Qa6 R7e6 64. Qb7+ Kg6 65. Qc8 Kf5 66. Qc2+
Re4 67. Qc5+ R4e5 68. Qc2+ Kg5 69. Qc8 Re8 70. Qd7 h4 0-1

[Event "XXV Miedzynarodowy Festiwal Szachowy w Poznaniu - OPEN A"]
[Site "Poznan"]
[Date "2017.08.20"]
[Round "1.27"]
[White "Dzwikowski, Adam "]
[Black "Tadych, Szymon "]
[Result "1-0"]
[WhiteTitle ""]
[BlackTitle ""]
[WhiteElo "1975"]
[BlackElo "1501"]

1. g3 Nf6 2. Bg2 e5 3. c4 d5 4. cxd5 Nxd5 5. Nf3 Qf6 6. O-O Bd6 7. d4 exd4 8. Nxd4
Nb6 9. Nc3 O-O 10. Ne4 Qe7 11. Bg5 f6 12. Nxd6 Qxd6 13. Bf4 Qe7 14. Nb5 Na6 15.
Qc2 Be6 16. Bxb7 Nb4 17. Qxc7 Rae8 18. Bd6 Qxc7 19. Nxc7 N4d5 20. Nxe6 Rxe6 21.
Bxf8 Kxf8 22. Rfd1 Nb4 23. a3 Nc2 24. Rac1 Rxe2 25. Bf3 Re5 26. Rxc2 a5 27. Rc7
Rb5 28. Rd8# 1-0